000 003560000a22000970004500
245 1 0 _aYa está la traducción en lenguaje actual en audio
300 _aVol.62, núm.284 (enero.febrero, 2007), Páginas 4-5
520 _aTomo mucho tiempo llegar al final, pero lo logramos: ya está disponible Sonobiblia.
773 0 _tLa Biblia de las Américas
942 _cANA
999 _c62180
_d62180